Statistics for Biggest Cities in the Arab World

Click here to take the quiz!

General Stats

  • This quiz has been taken 947 times
    (133 since last reset)
  • The average score is 21 of 27

Answer Stats

PopulationCountry / TerritoryCity% Correct
21.0 milEgyptCairo
98%
8.05 milSaudi ArabiaRiyadh
95%
7.00 milIraqBaghdad
93%
5.80 milEgyptAlexandria
93%
5.35 milUnited Arab EmiratesDubai
92%
3.97 milAlgeriaAlgiers
90%
3.82 milSyriaDamascus
89%
2.12 milSaudi ArabiaMecca
88%
1.50 milUnited Arab EmiratesAbu Dhabi
87%
4.47 milMoroccoCasablanca
86%
2.67 milTunisiaTunis
85%
4.95 milSaudi ArabiaJeddah
85%
4.75 milKuwaitKuwait City
83%
5.60 milJordanAmman
83%
2.42 milQatarDoha
82%
2.05 milMoroccoRabat
82%
6.30 milSudanKhartoum
81%
2.80 milYemenSana'a
80%
1.75 milLebanonBeirut
76%
1.54 milSaudi ArabiaMedina
70%
1.91 milSyriaAleppo
67%
1.53 milBahrainManama
59%
1.94 milSomaliaMogadishu
54%
1.48 milAlgeriaOran
46%
1.52 milIraqBasra
43%
1.96 milPalestinian TerritoriesGaza
38%
2.50 milSaudi ArabiaDammam
37%

Score Distribution

Percentile by Number Answered

Percent of People with Each Score

Your Score History

You have not taken this quiz since the last reset